000 00963nam a2200205Ia 4500
003 IN-BaIIA
008 211028s9999 xx 000 0 eng d
020 _a978-0-7354-0449-6
040 _cIIA Library
080 _a535.338.3:52(082.1)
_bSPE
111 _aAnnual International Astrophysics Conference on Turbulence and nonlinear Processes in Astrophysical Plasmas
_n6th
_cSremski Karlovci
_d2007 June 11-15
_932661
245 0 _aSpectral line shapes in Astrophysics
_bproceedings of the VI Serbian Conference on spectral line shapes in Astrophysics (VI SCSLSA) , held in Sremski Karlovci, Serbia, 11 - 15 June 2007
_cedited by Luka Popovic and Milan S. Dimitrijevic
260 _aMelville
_bAmerican Institute of Physics
_c2007
300 _a[various pagings.]
650 _aAstrophysics - congresses
_912189
650 _aSpectral line - congresses
_932662
700 _aDimitrijevic, Milan S. ed.
_932663
700 _aPopovic , Luka., ed.
_932664
942 _cBK
999 _c17330
_d17330